[Event "ROM-ch U14"]
[Site "Baile Felix"]
[Date "2017.02.07"]
[Round "7"]
[White "Leustean, Andrei"]
[Black "Chiorescu, Vlad"]
[Result "0-1"]
[WhiteElo "1210"]
[BlackElo "1326"]
[PlyCount "58"]
[EventDate "2017.02.02"]
[EventType "swiss"]
[EventRounds "9"]
[EventCountry "ROU"]
[SourceTitle "CBM 176 Extra"]
[Source "ChessBase"]
[SourceDate "2017.03.02"]
[SourceVersion "1"]
[SourceVersionDate "2017.03.02"]
[SourceQuality "1"]

1. e4 b6 2. d4 Bb7 3. Nc3 e6 4. Bd3 Bb4 5. Bd2 Nf6 6. Nge2 d5 7. exd5 Nxd5 8. 0-0 Bxc3 9. Nxc3 Nb4 10. Be3 N8c6 11. Re1 Qd7 12. Qg4 0-0-0 13. Rad1 h5 14. Qh4 Nd5 15. Bg5 f6 16. Be3 Nxe3 17. fxe3 g5 18. Qf2 f5 19. d5 Ne5 20. dxe6 Qc6 21. Bxf5 Kb8 22. e4 Ng4 23. Qg3 Qc5+ 24. Kf1 Ba6+ 25. Re2 Ne3+ 26. Ke1 Nxd1 27. Kf1 Ne3+ 28. Ke1 Nxf5 29. exf5 Qg1# 0-1

[Event "ROM-ch U14"]
[Site "Baile Felix"]
[Date "2017.02.05"]
[Round "4"]
[White "Antal, Andrei"]
[Black "Leustean, Andrei"]
[Result "1-0"]
[WhiteElo "1372"]
[BlackElo "1210"]
[PlyCount "70"]
[EventDate "2017.02.02"]
[EventType "swiss"]
[EventRounds "9"]
[EventCountry "ROU"]
[SourceTitle "CBM 176 Extra"]
[Source "ChessBase"]
[SourceDate "2017.03.02"]
[SourceVersion "1"]
[SourceVersionDate "2017.03.02"]
[SourceQuality "1"]

1. d4 d5 2. Bf4 Nf6 3. Nf3 e6 4. e3 Be7 5. Ne5 Nbd7 6. Nd2 b6 7. Bd3 Bb7 8. Qf3 Bd6 9. Nxd7 Qxd7 10. Bxd6 cxd6 11. Qg3 Rg8 12. c3 0-0-0 13. 0-0-0 e5 14. dxe5 dxe5 15. Qxe5 Rge8 16. Qf4 Ng4 17. Bf5 Re6 18. Qxg4 g6 19. Bxe6 fxe6 20. Nf3 Kb8 21. Ne5 Qg7 22. Qd4 Ka8 23. Rd2 h6 24. Rhd1 Qh7 25. c4 Qc7 26. Kb1 g5 27. Rc1 Qh7+ 28. Ka1 h5 29. Re2 g4 30. e4 h4 31. cxd5 exd5 32. Nc6 Rd6 33. exd5 Qg6 34. Qa4 a6 35. Qb4 Qh6 1-0

[Event "ROM-ch U14"]
[Site "Baile Felix"]
[Date "2017.02.04"]
[Round "3"]
[White "Leustean, Andrei"]
[Black "Tablan, Matei Christian"]
[Result "0-1"]
[WhiteElo "1210"]
[BlackElo "1602"]
[PlyCount "40"]
[EventDate "2017.02.02"]
[EventType "swiss"]
[EventRounds "9"]
[EventCountry "ROU"]
[SourceTitle "CBM 176 Extra"]
[Source "ChessBase"]
[SourceDate "2017.03.02"]
[SourceVersion "1"]
[SourceVersionDate "2017.03.02"]
[SourceQuality "1"]

1. e4 e6 2. d4 d5 3. exd5 exd5 4. Bd3 Bd6 5. Qf3 h6 6. Qxd5 Bb4+ 7. Nc3 Qxd5 8. Bd2 Bxc3 9. Bxc3 Qxg2 10. Kd2 Qxh1 11. Be4 Qxh2 12. Re1 Qxf2+ 13. Kc1 Ne7 14. Bb4 Nbc6 15. Bxc6+ bxc6 16. Rxe7+ Kd8 17. Re1 Re8 18. Rd1 Bg4 19. Be1 Rxe1 20. Rxe1 Qxe1# 0-1

[Event "ROM-ch U14"]
[Site "Baile Felix"]
[Date "2017.02.02"]
[Round "1"]
[White "Leustean, Andrei"]
[Black "Boeru, Darius Alexandru"]
[Result "0-1"]
[WhiteElo "1210"]
[BlackElo "1684"]
[PlyCount "114"]
[EventDate "2017.02.02"]
[EventType "swiss"]
[EventRounds "9"]
[EventCountry "ROU"]
[SourceTitle "CBM 176 Extra"]
[Source "ChessBase"]
[SourceDate "2017.03.02"]
[SourceVersion "1"]
[SourceVersionDate "2017.03.02"]
[SourceQuality "1"]

1. e4 d5 2. d4 dxe4 3. Nc3 Nf6 4. Bg5 Nd5 5. Nxe4 h6 6. Be3 Bf5 7. Nc5 b6 8. Nb3 e6 9. Nf3 Nb4 10. Bd3 Bxd3 11. cxd3 Be7 12. a3 Nd5 13. Qc2 0-0 14. Ne5 Bg5 15. Qe2 Qd6 16. Bxg5 hxg5 17. Qh5 Nc6 18. Nxc6 Qxc6 19. Qxg5 Qa4 20. Nd2 Qxd4 21. 0-0 Qxb2 22. Rae1 Qxa3 23. d4 Qe7 24. Qh5 Nf6 25. Qg5 Qd7 26. Ne4 Nxe4 27. Rxe4 Qd8 28. Qe5 Qd7 29. h4 Qd5 30. Qf4 Rfd8 31. Rfe1 c5 32. dxc5 Qxc5 33. Re5 Qd4 34. R1e4 Qd2 35. Qg3 Qc1+ 36. Kh2 Rd1 37. Qf3 Rh1+ 38. Kg3 Qc7 39. Qb3 f6 40. Qxe6+ Kh8 41. Qe7 Qb8 42. Qe6 fxe5 43. Kg4 Qc8 44. Qxc8+ Rxc8 45. Rxe5 Rc4+ 46. Kg5 Rhxh4 47. f3 Rhd4 48. g3 Rc5 49. Rxc5 bxc5 50. f4 c4 51. f5 c3 52. Kg6 c2 53. f6 gxf6 54. g4 Rxg4+ 55. Kh5 Rg8 56. Kh4 c1Q 57. Kh3 Qh1# 0-1

[Event "ROM-ch U12"]
[Site "Calimanesti Caciulata"]
[Date "2016.04.24"]
[Round "8"]
[White "Scanteie, Alexandru Ioan"]
[Black "Leustean, Andrei"]
[Result "1-0"]
[WhiteElo "1367"]
[BlackElo "1166"]
[PlyCount "105"]
[EventDate "2016.04.18"]
[EventType "swiss"]
[EventRounds "9"]
[EventCountry "ROU"]
[SourceTitle "CBM 172 Extra"]
[Source "ChessBase"]
[SourceDate "2016.06.21"]
[SourceVersion "1"]
[SourceVersionDate "2016.06.21"]
[SourceQuality "1"]

1. e4 e5 2. Bc4 Nf6 3. Nc3 Bc5 4. Nf3 d6 5. 0-0 0-0 6. d3 Nc6 7. Be3 Bb6 8. Nd5 Bg4 9. h3 Nxd5 10. exd5 Bxf3 11. Qxf3 Nd4 12. Bxd4 Bxd4 13. c3 Bb6 14. Qd1 Qf6 15. a4 a6 16. a5 Ba7 17. Qb3 b5 18. Bxb5 axb5 19. Qxb5 Rfb8 20. Qc6 Rxb2 21. Qxa8+ Rb8 22. Qxa7 Rc8 23. Qb7 Qd8 24. a6 Rb8 25. Qc6 Rb6 26. Qa4 Rb8 27. a7 Ra8 28. Rfb1 h6 29. Rb8 Rxb8 30. axb8Q Qxb8 31. Qa8 Qxa8 32. Rxa8+ Kh7 33. Rc8 Kg6 34. Rxc7 Kf5 35. Rxf7+ Kg6 36. Rd7 Kf5 37. Rxd6 e4 38. dxe4+ Kxe4 39. Rd8 Ke5 40. c4 Kd4 41. d6 Kc5 42. Rd7 Kxc4 43. Rxg7 Kc5 44. d7 Kc6 45. d8R Kb6 46. Rd5 Kc6 47. Rh5 Kd6 48. Rg6+ Ke7 49. Rhxh6 Kf7 50. Ra6 Kg7 51. Rhb6 Kf7 52. Rb7+ Kf8 53. Ra8# 1-0

[Event "ROM-ch U12"]
[Site "Calimanesti Caciulata"]
[Date "2016.04.23"]
[Round "7"]
[White "Leustean, Andrei"]
[Black "Ursache, George"]
[Result "1-0"]
[WhiteElo "1166"]
[BlackElo "1001"]
[PlyCount "69"]
[EventDate "2016.04.18"]
[EventType "swiss"]
[EventRounds "9"]
[EventCountry "ROU"]
[SourceTitle "CBM 172 Extra"]
[Source "ChessBase"]
[SourceDate "2016.06.21"]
[SourceVersion "1"]
[SourceVersionDate "2016.06.21"]
[SourceQuality "1"]

1. e4 e5 2. Nf3 Nc6 3. Bc4 h6 4. 0-0 Nf6 5. Re1 d6 6. c3 Be7 7. d3 0-0 8. h3 Be6 9. Bxe6 fxe6 10. Nbd2 d5 11. exd5 exd5 12. Nxe5 Nxe5 13. Rxe5 Bd6 14. Re1 c5 15. Nf3 Qc7 16. b3 Rfe8 17. Bb2 Rxe1+ 18. Qxe1 Re8 19. Qd2 Bf4 20. Qc2 c4 21. dxc4 dxc4 22. Qg6 Re2 23. Bc1 Bxc1 24. Rxc1 Rxa2 25. bxc4 Qb6 26. Nd4 Qc7 27. Rd1 Qf7 28. Qxf7+ Kxf7 29. c5 Nd5 30. Nb5 Ne7 31. Rd7 Rc2 32. Rxb7 Rxc3 33. Nxc3 Ke8 34. Rxa7 Nc6 35. Rxg7 1-0

[Event "ROM-ch U12"]
[Site "Calimanesti Caciulata"]
[Date "2016.04.22"]
[Round "6"]
[White "Titu, Robert Stefan"]
[Black "Leustean, Andrei"]
[Result "1-0"]
[WhiteElo "1245"]
[BlackElo "1166"]
[PlyCount "115"]
[EventDate "2016.04.18"]
[EventType "swiss"]
[EventRounds "9"]
[EventCountry "ROU"]
[SourceTitle "CBM 172 Extra"]
[Source "ChessBase"]
[SourceDate "2016.06.21"]
[SourceVersion "1"]
[SourceVersionDate "2016.06.21"]
[SourceQuality "1"]

1. e4 e5 2. Nf3 Nc6 3. Bc4 Bc5 4. c3 Nf6 5. d3 0-0 6. h3 d6 7. Nbd2 Re8 8. Bb3 d5 9. Qe2 Be6 10. Bc2 a6 11. Nf1 b5 12. Ng3 b4 13. Ba4 Bd7 14. Nf5 dxe4 15. dxe4 Nd4 16. cxd4 Bxa4 17. dxc5 Bd7 18. Qc2 Bxf5 19. exf5 e4 20. Nh2 Qd3 21. Qxd3 exd3+ 22. Be3 Rad8 23. 0-0-0 Ne4 24. Nf3 Rd5 25. Kb1 Red8 26. Rhe1 d2 27. Nxd2 Nxd2+ 28. Rxd2 Rxd2 29. Bxd2 g6 30. Bxb4 gxf5 31. Bc3 h6 32. Re7 c6 33. Rc7 Rd1+ 34. Kc2 Rg1 35. g3 Rg2 36. Bd4 Rg1 37. Rxc6 Re1 38. Kb3 Re2 39. Rxa6 Kh7 40. c6 Re8 41. c7 Rc8 42. Rc6 Kg8 43. Kb4 Kf8 44. Kb5 Ke7 45. Kb6 Kd7 46. Kb7 h5 47. a4 f6 48. a5 h4 49. gxh4 f4 50. h5 f3 51. h6 f5 52. h7 f4 53. h8Q Rxh8 54. Bxh8 Ke8 55. c8Q+ Kf7 56. Qc7+ Kg8 57. Rf6 Kxh8 58. Rf8# 1-0